Programming in windows 3.1
| Main Author: | |
|---|---|
| Other Authors: | |
| Format: | Book |
| Published: |
Indiana :
Que Publishing ,
1992
|
| Edition: | 2nd ed |
| Subjects: |
MARC
| LEADER | 00000cam a2200000 7i4500 | ||
|---|---|---|---|
| 001 | 0000000376 | ||
| 002 | 000000452 | ||
| 005 | 20000330.0 | ||
| 020 | |a 0880227605 | ||
| 090 | 0 | 0 | |a 006.6 |b FAR |
| 100 | 1 | |a Farrell, Tim | |
| 245 | 1 | 0 | |a Programming in windows 3.1 |c Tim Farrell and Runnoe Connally |
| 250 | |a 2nd ed | ||
| 260 | |a Indiana : |b Que Publishing , |c 1992 | ||
| 300 | |a 705p. ; |c 23cm. | ||
| 650 | 0 | 0 | |a Windows 3.1 (Computer program) |
| 700 | 1 | |a Connally, Runnoe | |
| 999 | |a 029584 |b BUKU |c PINJAMAN |e PERPUSTAKAAN KOMUNITI PETALING JAYA | ||